15 największych wysp morza bałtyckiego - Statystyki

Ogólne statystyki
  • Ten quiz został rozwiązany 44 razy
  • Średni wynik to 6 z 15
Statystyki odpowiedzi
Powierzchnia km2 Wyspa % Poprawnych
3140 Gotlandia
80%
588 Bornholm
78%
265 Wolin
78%
445 Uznam
71%
1342 Olandia
59%
2673 Sarema
51%
989 Hiuma
49%
926 Rugia
46%
685 Wyspy Alandzkie
39%
1242 Lolland
27%
514 Falster
17%
237 Mon
5%
198 Muhu
5%
200 Hailuoto
2%
524 Kemionsaari
2%
Nie znaleziono quizów pasujących do podanych kryteriów
Rozkład punktacji
Procent ludzi z każdym wynikiem
Percentyl według liczby udzielonych odpowiedzi
Twoja historia wyników
Nie rozwiązałeś tego quizu